Brawl Stars: Edgar Skins by Picture - Statistics

General Stats
  • This quiz has been taken 192 times
    16 since last reset
  • The average score is 11 of 18
Answer Stats
Picture Answer % Correct
Doctor Edgar
92%
Mecha Edgar
92%
True Gold Edgar
92%
Bakugo Edgar
83%
True Silver Edgar
83%
Blackbird Edgar
75%
Edgar Tata
75%
Quickdraw Edgar
75%
Orochi Edgar
58%
Thief Edgar
58%
Mecha Edgar Unit-01
50%
Dark Angel Edgar
42%
Lightbearer Edgar
42%
Mecha Edgar Unit-00
42%
Nightbringer Edgar
42%
Shin Edgar
25%
Masked Edgar
17%
Drift Edgar
8%
No matching quizzes found
Score Distribution
Percent of People with Each Score
Percentile by Number Answered
Your Score History
You have not taken this quiz since the last reset